000
00346nam a2200145Ia 4500
008
170203s9999 xx 000 0 und d
020
_a
0-710510977
050
_a
Fic
050
_b
.C912
245
4
_a
The Creation /
260
_a
United Kingdom
260
_b
Peter Haddock Publishing
300
_a
11 pages;
440
_a
Bible Story Pop-Ups
999
_c
306114
_d
306114